书目信息 |
| 书名: | Wang Gui and Li Xiangxiang | |
| 作者: | Li Ji. | |
| 分册号: | ||
| 分册名: | 出版地: | Beijing : |
|
| 出版社: | Foreign Languages Press | |
| 出版时间: | 1980. | |
| 页数: | 42 p., [5] leaves of plates : | |
| 开本: | 19 cm. | |
| 丛书名: | ||
| 中图分类号: | ||
| 科图分类号: | ||
| 其他分类号: | H319.4 | |
| 主题词: | ||
| 电子资源: | ||
| 000 | 00639cam 2200229Ia 4504 | |
| 001 | E0752156156 | |
| 003 | OCoLC | |
| 005 | 20070210143522.54 | |
| 008 | 031225s1980 cc af j 000 0 eng d | |
| 020 | @cCNY0.90. | |
| 035 | @a.b21485276 | |
| 040 | @aNOC@cNOC@dAUM | |
| 090 | @aK255.8/W2E | |
| 090 | @aH319.4 | |
| 099 | @dH319.4@ex296=3 | |
| 100 | 1 | @aLi, Ji,@d1922- |
| 240 | 00 | @a王贵和李先香香 |
| 245 | 10 | @aWang Gui and Li Xiangxiang :@ba narrative poem / @cLi Ji. |
| 250 | @a3rd ed. | |
| 260 | @aBeijing :@bForeign Languages Press,@c1980. | |
| 300 | @a42 p., [5] leaves of plates :@bill. ;@c19 cm. | |
| 920 | @a232010@z2 | |
| Wang Gui and Li Xiangxiang : : a narrative poem / / Li Ji.-3rd ed.-Beijing : : Foreign Languages Press, , 1980. |
| 42 p., [5] leaves of plates : : ill. ; ; 19 cm. |
| ISBN CNY0.90. |
| ● |
| 相关链接 |
|
|
|
|
正题名:Wang Gui and Li Xiangxiang
索取号:H319.4/x296=3
 
预约/预借
| 序号 | 登录号 | 条形码 | 馆藏地/架位号 | 状态 | 备注 |
| 1 | 47093 | 001427995 | 第四借阅区/ [索取号:H319.4/x296=3] | 在馆 | |
| 2 | 47094 | 001427940 | 第四借阅区/ [索取号:H319.4/x296=3] | 在馆 | |
| 3 | 47095 | 001427968 | 第四借阅区/ [索取号:H319.4/x296=3] | 在馆 | |
| 4 | 47096 | 001427959 | 第四借阅区/ [索取号:H319.4/x296=3] | 在馆 | |
| 5 | 47097 | 001427986 | 第四借阅区/ [索取号:H319.4/x296=3] | 在馆 |